| 000 | 00589nam a2200205 a 4500 | ||
|---|---|---|---|
| 005 | 20240912063848.0 | ||
| 008 | 140612s2005 mx r 000 0 spa d | ||
| 020 | _a9879405765 | ||
| 035 | _aUPN01000197821 | ||
| 049 | _aI | ||
| 050 | 4 |
_aPZ73 _bR6.4 |
|
| 100 | 1 |
_aRoediger, Sandra Elisabet, _d1963- _935687 |
|
| 245 | 1 | 0 |
_aDichos de la abuela / _cSandra Elisabet Roediger. |
| 260 |
_aBuenos Aires : _bSanta MarĂa, _c2005. |
||
| 300 |
_a111 p. : _bil. col. |
||
| 650 | 4 |
_aCuentos infantiles argentinos _97466 |
|
| 650 | 0 |
_aProverbios _913840 |
|
| 905 | _aInfantil | ||
| 999 |
_c169922 _d169922 |
||